[Event "Leipzig VfB op 20th"]
[Site "Leipzig"]
[Date "2013.03.09"]
[Round "9"]
[White "Bronn, Gottfried"]
[Black "Engelmann, Uwe"]
[Result "0-1"]
[WhiteElo "1899"]
[BlackElo "1810"]
[PlyCount "70"]
[EventDate "2013.03.05"]
[EventType "swiss"]
[EventRounds "9"]
[EventCountry "GER"]
[SourceTitle "EXT 2014"]
[Source "ChessBase"]
[SourceDate "2013.11.20"]
[SourceVersion "1"]
[SourceVersionDate "2013.11.20"]
[SourceQuality "1"]

1. d4 Nf6 2. Nf3 c5 3. dxc5 e6 4. g3 Bxc5 5. Bg2 d5 6. 0-0 0-0 7. c3 Nbd7 8. Bg5 Qb6 9. Qc2 Ne4 10. e3 f6 11. Bh4 g5 12. b4 Be7 13. Nd4 gxh4 14. Bxe4 dxe4 15. Qxe4 Ne5 16. Nd2 Ng6 17. Nc4 Qc7 18. Nxe6 Bxe6 19. Qxe6+ Rf7 20. Rfd1 Rc8 21. Rd4 hxg3 22. hxg3 f5 23. Rad1 Kg7 24. Nd6 Bxd6 25. Rxd6 Qc4 26. R1d5 Rcc7 27. Rd8 Rce7 28. Qd6 Qc7 29. a4 Qxd6 30. R8xd6 Rc7 31. Rc5 Rxc5 32. bxc5 Rc7 33. Rd5 Kf6 34. c4 Nf8 35. Rd6+ Ne6 0-1